[Event "4NCL 2019-20"]
[Site "Daventry"]
[Date "2020.03.01"]
[Round "2"]
[White "Melaugh, Shane"]
[Black "Walton, Alan J"]
[Result "0-1"]
[WhiteElo "2180"]
[BlackElo "2123"]
[Annotator "ChessBase"]
[PlyCount "82"]
[EventDate "2020.01.11"]
[EventCountry "ENG"]
[SourceTitle "playchess.com"]
[Source "ChessBase"]
[SourceQuality "1"]
[TimeControl "40/6000:3000+30"]

1. c4 {[%emt 0:00:00]} f5 {[%emt 0:00:54]} 2. d4 {[%emt 0:00:00]} Nf6 {[%emt 0:00:00]} 3. g3 {[%emt 0:00:00]} e6 {[%emt 0:00:05]} 4. Bg2 {[%emt 0:00:00]} Be7 {[%emt 0:00:00]} 5. Nf3 {[%emt 0:00:00]} d6 {[%emt 0:00:00]} 6. O-O {[%emt 0:00:00]} O-O {[%emt 0:00:00]} 7. Nc3 {[%emt 0:00:00]} Ne4 {[%emt 0:01:14]} 8. a4 {[%emt 0:00:00]} Nxc3 {[%emt 0:00:00]} 9. bxc3 {[%emt 0:00:00]} Nc6 {[%emt 0:00:00]} 10. a5 {[%emt 0:00:00]} Qe8 {[%emt 0:18:16]} 11. Qb3 {[%emt 0:06:49]} Rb8 {[%emt 0:03:33]} 12. d5 {[%emt 0:05:26]} Nd8 {[%emt 0:06:48]} 13. Nd4 {[%emt 0:00:00]} a6 {[%emt 0:03:49]} 14. f4 {[%emt 0:34:00]} e5 {[%emt 0:05:08]} 15. Nf3 {[%emt 0:00:22]} Nf7 {[%emt 0:11:47]} 16. Re1 {[%emt 0:02:01]} Bf6 {[%emt 0:08:14]} 17. e4 {[%emt 0:00:00]} fxe4 {[%emt 0:00:00]} 18. Rxe4 {[%emt 0:00:00]} Bf5 {[%emt 0:00:00]} 19. Re1 {[%emt 0:00:00]} Qd7 {[%emt 0:00:00]} 20. c5 {[%emt 0:00:00]} exf4 {[%emt 0:05:38]} 21. Bxf4 {[%emt 0:00:00]} dxc5 {[%emt 0:00:59]} 22. Rac1 {[%emt 0:02:53]} Nd6 {[%emt 0:02:34]} 23. c4 {[%emt 0:05:18]} Rfe8 {[%emt 0:03:07]} 24. Be5 {[%emt 0:00:20]} Qf7 {[%emt 0:06:58]} 25. Qe3 {[%emt 0:01:24]} Bg4 {[%emt 0:00:02]} 26. Qf4 {[%emt 0:16:25]} Bxf3 {[%emt 0:00:05]} 27. Bxf3 {[%emt 0:03:36]} Bxe5 {[%emt 0:00:00]} 28. Rxe5 {[%emt 0:00:00]} Rxe5 {[%emt 0:00:00]} 29. Qxe5 {[%emt 0:00:00]} Qxf3 {[%emt 0:00:00]} 30. Qe6+ {[%emt 0:00:00]} Qf7 {[%emt 0:00:00]} 31. Qg4 {[%emt 0:00:00]} Rf8 {[%emt 0:00:00]} 32. Qe2 {[%emt 0:00:00]} Qf6 {[%emt 0:00:00]} 33. Kg2 {[%emt 0:00:00]} h6 {[%emt 0:00:00]} 34. Rc2 {[%emt 0:00:00]} Nf5 {[%emt 0:00:00]} 35. Rb2 {[%emt 0:00:00]} Ne3+ {[%emt 0:00:00]} 36. Kh3 {[%emt 0:00:00]} Qf5+ {[%emt 0:00:00]} 37. g4 {[%emt 0:00:00]} Qf3+ {[%emt 0:00:00]} 38. Qxf3 {[%emt 0:00:00]} Rxf3+ {[%emt 0:00:00]} 39. Kh4 {[%emt 0:00:00]} g5+ {[%emt 0:00:00]} 40. Kh5 {[%emt 0:00:00]} Kg7 {[%emt 0:00:00]} 41. h4 {[%emt 0:47:59]} Rh3 {[%emt 0:48:03]} 0-1

[Event "4NCL 2019-20"]
[Site "Daventry"]
[Date "2020.03.01"]
[Round "2"]
[White "Gallagher, Daniel GH"]
[Black "Lund, D Brett"]
[Result "1/2-1/2"]
[WhiteElo "2171"]
[BlackElo "2265"]
[Annotator "ChessBase"]
[PlyCount "39"]
[EventDate "2020.01.11"]
[EventCountry "ENG"]
[SourceTitle "playchess.com"]
[Source "ChessBase"]
[SourceQuality "1"]
[TimeControl "40/6000:3000+30"]

1. e4 {[%emt 0:00:00]} c5 {[%emt 0:01:23]} 2. a3 {[%emt 0:00:00]} e6 {[%emt 0:01:46]} 3. b4 {[%emt 0:00:00]} b6 {[%emt 0:02:49]} 4. Nf3 {[%emt 0:00:00]} Bb7 {[%emt 0:00:00]} 5. bxc5 {[%emt 0:00:00]} Bxe4 {[%emt 0:01:17]} 6. cxb6 {[%emt 0:00:00]} axb6 {[%emt 0:00:00]} 7. Nc3 {[%emt 0:00:12]} Bb7 {[%emt 0:00:00]} 8. d4 {[%emt 0:10:43]} Nf6 {[%emt 0:00:00]} 9. Bd3 {[%emt 0:00:58]} Be7 {[%emt 0:00:45]} 10. O-O {[%emt 0:00:00]} O-O {[%emt 0:01:06]} 11. Nb5 {[%emt 0:01:28]} Nc6 {[%emt 0:13:56]} 12. Bf4 {[%emt 0:01:33]} d6 {[%emt 0:01:55]} 13. c4 {[%emt 0:06:11]} Rc8 {[%emt 0:02:47]} 14. d5 {[%emt 0:06:17]} Ne5 {[%emt 0:37:13]} 15. Nxe5 {[%emt 0:22:41]} dxe5 {[%emt 0:02:01]} 16. Bxe5 {[%emt 0:00:03]} exd5 {[%emt 0:04:06]} 17. Qf3 {[%emt 0:06:11]} dxc4 {[%emt 0:09:48]} 18. Qxb7 {[%emt 0:01:36]} cxd3 {[%emt 0:00:05]} 19. Na7 {[%emt 0:00:00]} Nd7 {[%emt 0:05:31]} 20. Nxc8 {[%emt 0:05:13]} 1/2-1/2

[Event "4NCL 2019-20"]
[Site "Daventry"]
[Date "2020.03.01"]
[Round "2"]
[White "Granat, Russell G"]
[Black "Murray, David"]
[Result "1/2-1/2"]
[WhiteElo "2170"]
[BlackElo "2145"]
[Annotator "NA"]
[PlyCount "31"]
[EventDate "2020.01.11"]
[EventCountry "ENG"]
[SourceTitle "playchess.com"]
[Source "ChessBase"]
[SourceQuality "1"]
[TimeControl "40/6000:3000+30"]

1. e4 {[%emt 0:00:00]} c5 {[%emt 0:00:33]} 2. Nc3 {[%emt 0:00:00]} Nc6 {[%emt 0:00:00]} 3. Nf3 {[%emt 0:00:00]} d6 {[%emt 0:00:41]} 4. d4 {[%emt 0:00:00]} cxd4 {[%emt 0:00:00]} 5. Nxd4 {[%emt 0:00:00]} Nf6 {[%emt 0:00:24]} 6. Be2 {[%emt 0:00:00]} e5 {[%emt 0:00:35]} 7. Nb3 {[%emt 0:03:44]} Be7 {[%emt 0:00:26]} 8. O-O {[%emt 0:00:00]} O-O {[%emt 0:01:26]} 9. Be3 {[%emt 0:01:56]} a5 {[%emt 0:02:05]} 10. a4 {[%emt 0:01:53]} Nb4 {[%emt 0:00:18]} 11. Nd5 {[%emt 0:04:02]} Nfxd5 {[%emt 0:03:06]} 12. exd5 {[%emt 0:00:15]} Bf5 {[%emt 0:00:11]} 13. Rc1 {[%emt 0:01:03]} Na2 {[%emt 0:10:42]} 14. Ra1 {[%emt 0:07:03]} Nb4 {[%emt 0:00:14]} 15. Rc1 {[%emt 0:00:00]} Na2 {[%emt 0:04:34]} 16. Ra1 {[%emt 0:00:00]} 1/2-1/2

[Event "4NCL 2019-20"]
[Site "Daventry"]
[Date "2020.03.01"]
[Round "2"]
[White "French, Max"]
[Black "Bates, Richard A"]
[Result "1/2-1/2"]
[WhiteElo "2168"]
[BlackElo "2351"]
[Annotator "ChessBase"]
[PlyCount "39"]
[EventDate "2020.01.11"]
[EventCountry "ENG"]
[SourceTitle "playchess.com"]
[Source "ChessBase"]
[SourceQuality "1"]
[TimeControl "40/6000:3000+30"]

1. d4 {[%emt 0:00:00]} Nf6 {[%emt 0:00:00]} 2. c4 {[%emt 0:00:00]} g6 {[%emt 0:01:24]} 3. Nc3 {[%emt 0:00:00]} Bg7 {[%emt 0:00:00]} 4. e4 {[%emt 0:00:00]} d6 {[%emt 0:00:00]} 5. Be2 {[%emt 0:00:00]} O-O {[%emt 0:00:00]} 6. Be3 {[%emt 0:00:00]} Na6 {[%emt 0:00:00]} 7. Nf3 {[%emt 0:00:00]} c5 {[%emt 0:02:34]} 8. d5 {[%emt 0:00:00]} Qb6 {[%emt 0:00:00]} 9. Rb1 {[%emt 0:03:21]} Ng4 {[%emt 0:21:12]} 10. Bg5 {[%emt 0:08:47]} f5 {[%emt 0:01:27]} 11. O-O {[%emt 0:08:35]} h6 {[%emt 0:06:40]} 12. Bd2 {[%emt 0:21:45]} fxe4 {[%emt 0:11:56]} 13. Nxe4 {[%emt 0:05:09]} Bf5 {[%emt 0:00:04]} 14. Bd3 {[%emt 0:01:45]} Nb4 {[%emt 0:00:45]} 15. Bc3 {[%emt 0:15:29]} Nxd3 {[%emt 0:05:03]} 16. Qxd3 {[%emt 0:00:16]} Nf6 {[%emt 0:03:59]} 17. Nfd2 {[%emt 0:03:29]} Qc7 {[%emt 0:11:33]} 18. Rfe1 {[%emt 0:01:52]} Rae8 {[%emt 0:09:40]} 19. h3 {[%emt 0:01:15]} e5 {[%emt 0:03:16]} 20. dxe6 {[%emt 0:07:15]} 1/2-1/2

[Event "4NCL 2019-20"]
[Site "Daventry"]
[Date "2020.03.01"]
[Round "2"]
[White "Robertson, J Stuart"]
[Black "Ivell, Nicholas W"]
[Result "1/2-1/2"]
[WhiteElo "2157"]
[BlackElo "2177"]
[Annotator "ChessBase"]
[PlyCount "46"]
[EventDate "2020.01.11"]
[EventCountry "ENG"]
[SourceTitle "playchess.com"]
[Source "ChessBase"]
[SourceQuality "1"]
[TimeControl "40/6000:3000+30"]

1. d4 {[%emt 0:01:48]} d5 {[%emt 0:00:23]} 2. c4 {[%emt 0:00:00]} e6 {[%emt 0:00:00]} 3. Nf3 {[%emt 0:00:00]} c5 {[%emt 0:00:00]} 4. cxd5 {[%emt 0:00:00]} exd5 {[%emt 0:00:00]} 5. g3 {[%emt 0:00:00]} Nc6 {[%emt 0:00:00]} 6. Bg2 {[%emt 0:00:00]} Nf6 {[%emt 0:00:00]} 7. O-O {[%emt 0:00:00]} Be7 {[%emt 0:00:00]} 8. dxc5 {[%emt 0:00:00]} Bxc5 {[%emt 0:00:00]} 9. Qc2 {[%emt 0:00:00]} Bb6 {[%emt 0:04:18]} 10. Nc3 {[%emt 0:00:59]} O-O {[%emt 0:05:24]} 11. Na4 {[%emt 0:03:48]} Bc7 {[%emt 0:02:02]} 12. Be3 {[%emt 0:04:46]} Re8 {[%emt 0:06:17]} 13. Qd3 {[%emt 0:02:51]} h6 {[%emt 0:06:23]} 14. Rac1 {[%emt 0:09:39]} Bd6 {[%emt 0:22:46]} 15. a3 {[%emt 0:08:34]} Bg4 {[%emt 0:03:58]} 16. Bc5 {[%emt 0:15:12]} Bxc5 {[%emt 0:00:38]} 17. Nxc5 {[%emt 0:00:49]} Qe7 {[%emt 0:01:32]} 18. Rfe1 {[%emt 0:08:16]} Rad8 {[%emt 0:00:26]} 19. Nd4 {[%emt 0:04:48]} Ne5 {[%emt 0:04:31]} 20. Qb5 {[%emt 0:05:09]} Bc8 {[%emt 0:00:15]} 21. Nd3 {[%emt 0:05:24]} Nxd3 {[%emt 0:05:04]} 22. Qxd3 {[%emt 0:00:00]} Ne4 {[%emt 0:01:41]} 23. e3 {[%emt 0:02:58]} a6 {[%emt 0:07:18]} 1/2-1/2

[Event "4NCL 2019-20"]
[Site "Daventry"]
[Date "2020.03.01"]
[Round "2"]
[White "Quinn, John M"]
[Black "Spence, David J"]
[Result "1/2-1/2"]
[WhiteElo "2139"]
[BlackElo "2146"]
[Annotator "ChessBase"]
[PlyCount "30"]
[EventDate "2020.01.11"]
[EventCountry "ENG"]
[SourceTitle "playchess.com"]
[Source "ChessBase"]
[SourceQuality "1"]
[TimeControl "40/6000:3000+30"]

1. d4 {[%emt 0:00:00]} e6 {[%emt 0:00:01]} 2. c4 {[%emt 0:00:00]} Nf6 {[%emt 0:00:00]} 3. Nf3 {[%emt 0:00:00]} b6 {[%emt 0:00:00]} 4. a3 {[%emt 0:00:00]} Ba6 {[%emt 0:00:00]} 5. Qc2 {[%emt 0:00:00]} Bb7 {[%emt 0:00:00]} 6. Nc3 {[%emt 0:00:00]} c5 {[%emt 0:00:00]} 7. e3 {[%emt 0:06:26]} Be7 {[%emt 0:00:52]} 8. Bd3 {[%emt 0:03:36]} O-O {[%emt 0:01:40]} 9. d5 {[%emt 0:02:19]} exd5 {[%emt 0:03:35]} 10. cxd5 {[%emt 0:00:00]} d6 {[%emt 0:09:25]} 11. e4 {[%emt 0:04:43]} Nbd7 {[%emt 0:00:33]} 12. h3 {[%emt 0:00:17]} a6 {[%emt 0:00:00]} 13. O-O {[%emt 0:07:30]} b5 {[%emt 0:00:18]} 14. Re1 {[%emt 0:00:00]} Re8 {[%emt 0:00:17]} 15. Bf4 {[%emt 0:03:15]} Bf8 {[%emt 0:03:07]} 1/2-1/2

[Event "4NCL 2019-20"]
[Site "Daventry"]
[Date "2020.03.01"]
[Round "2"]
[White "Freeman, Gordon"]
[Black "Povah, Nigel E"]
[Result "1-0"]
[WhiteElo "2088"]
[BlackElo "2284"]
[Annotator "ChessBase"]
[PlyCount "55"]
[EventDate "2020.01.11"]
[EventCountry "ENG"]
[SourceTitle "playchess.com"]
[Source "ChessBase"]
[SourceQuality "1"]
[TimeControl "40/6000:3000+30"]

1. d4 {[%emt 0:01:14]} d5 {[%emt 0:00:00]} 2. Nf3 {[%emt 0:00:00]} Nf6 {[%emt 0:00:00]} 3. c4 {[%emt 0:00:00]} e6 {[%emt 0:00:00]} 4. g3 {[%emt 0:00:00]} Bb4+ {[%emt 0:00:00]} 5. Bd2 {[%emt 0:00:00]} Bd6 {[%emt 0:00:00]} 6. Bg2 {[%emt 0:00:00]} c6 {[%emt 0:00:00]} 7. O-O {[%emt 0:05:54]} O-O {[%emt 0:00:13]} 8. Nc3 {[%emt 0:03:35]} Nbd7 {[%emt 0:04:47]} 9. Qb3 {[%emt 0:06:19]} Rb8 {[%emt 0:13:04]} 10. a4 {[%emt 0:05:32]} b6 {[%emt 0:06:59]} 11. Rfc1 {[%emt 0:04:09]} Ba6 {[%emt 0:11:03]} 12. cxd5 {[%emt 0:00:08]} exd5 {[%emt 0:00:00]} 13. Bf4 {[%emt 0:08:15]} Qe7 {[%emt 0:01:17]} 14. Bxd6 {[%emt 0:03:14]} Qxd6 {[%emt 0:00:00]} 15. Qa3 {[%emt 0:01:32]} Qe6 {[%emt 0:09:10]} 16. e3 {[%emt 0:03:07]} Ne8 {[%emt 0:11:43]} 17. b4 {[%emt 0:06:07]} Bb7 {[%emt 0:00:53]} 18. Ne2 {[%emt 0:04:13]} Nd6 {[%emt 0:05:16]} 19. Nf4 {[%emt 0:00:04]} Qf5 {[%emt 0:02:09]} 20. Bh3 {[%emt 0:00:27]} Qe4 {[%emt 0:00:00]} 21. Bxd7 {[%emt 0:09:17]} Qxf3 {[%emt 0:00:45]} 22. Bxc6 {[%emt 0:03:25]} g5 {[%emt 0:12:24]} 23. Nxd5 {[%emt 0:13:25]} Ne4 {[%emt 0:00:22]} 24. Qb2 {[%emt 0:02:11]} h5 {[%emt 0:01:21]} 25. Bxb7 {[%emt 0:02:04]} Rxb7 {[%emt 0:00:00]} 26. Nc3 {[%emt 0:01:46]} Nxc3 {[%emt 0:00:00]} 27. Qxc3 {[%emt 0:00:05]} h4 {[%emt 0:00:00]} 28. Qc6 {[%emt 0:00:04]} 1-0

[Event "4NCL 2019-20"]
[Site "Daventry"]
[Date "2020.03.01"]
[Round "2"]
[White "Dahl, Baard"]
[Black "Murphy, Hugh W"]
[Result "0-1"]
[WhiteElo "2078"]
[BlackElo "2121"]
[Annotator "ChessBase"]
[PlyCount "122"]
[EventDate "2020.01.11"]
[EventCountry "ENG"]
[SourceTitle "playchess.com"]
[Source "ChessBase"]
[SourceQuality "1"]
[TimeControl "40/6000:3000+30"]

1. e4 {[%emt 0:00:00]} c6 {[%emt 0:04:50]} 2. d4 {[%emt 0:00:00]} d5 {[%emt 0:00:00]} 3. exd5 {[%emt 0:00:00]} cxd5 {[%emt 0:00:00]} 4. c4 {[%emt 0:00:00]} Nf6 {[%emt 0:00:00]} 5. Nc3 {[%emt 0:00:00]} Nc6 {[%emt 0:00:00]} 6. Nf3 {[%emt 0:00:00]} g6 {[%emt 0:00:00]} 7. cxd5 {[%emt 0:00:00]} Nxd5 {[%emt 0:00:00]} 8. Qb3 {[%emt 0:00:00]} e6 {[%emt 0:00:00]} 9. Bg5 {[%emt 0:01:54]} Qa5 {[%emt 0:09:23]} 10. Bc4 {[%emt 0:11:50]} Nxc3 {[%emt 0:02:32]} 11. Bd2 {[%emt 0:00:00]} Qb4 {[%emt 0:04:07]} 12. bxc3 {[%emt 0:01:16]} Qxb3 {[%emt 0:00:00]} 13. axb3 {[%emt 0:00:00]} Bg7 {[%emt 0:00:00]} 14. Bf4 {[%emt 0:02:58]} O-O {[%emt 0:00:58]} 15. O-O {[%emt 0:00:00]} b6 {[%emt 0:01:42]} 16. b4 {[%emt 0:07:14]} Bb7 {[%emt 0:01:47]} 17. Ba6 {[%emt 0:00:10]} Bxa6 {[%emt 0:03:10]} 18. Rxa6 {[%emt 0:00:00]} Rfc8 {[%emt 0:01:24]} 19. Rfa1 {[%emt 0:04:48]} h6 {[%emt 0:05:30]} 20. h4 {[%emt 0:03:41]} Ne7 {[%emt 0:08:06]} 21. Rxa7 {[%emt 0:31:10]} Rxa7 {[%emt 0:00:30]} 22. Rxa7 {[%emt 0:00:00]} Nd5 {[%emt 0:00:00]} 23. Bd2 {[%emt 0:01:55]} Nxc3 {[%emt 0:01:40]} 24. Ne5 {[%emt 0:03:25]} Bxe5 {[%emt 0:06:03]} 25. dxe5 {[%emt 0:00:00]} Nd5 {[%emt 0:00:17]} 26. Rb7 {[%emt 0:07:15]} Kg7 {[%emt 0:00:56]} 27. Be3 {[%emt 0:00:08]} Nxb4 {[%emt 0:00:42]} 28. Bxb6 {[%emt 0:00:28]} Nd5 {[%emt 0:01:36]} 29. Ba7 {[%emt 0:02:24]} Rc4 {[%emt 0:02:56]} 30. g3 {[%emt 0:00:02]} g5 {[%emt 0:11:11]} 31. hxg5 {[%emt 0:01:32]} hxg5 {[%emt 0:00:37]} 32. Kg2 {[%emt 0:06:18]} g4 {[%emt 0:03:00]} 33. Rb2 {[%emt 0:04:29]} Rc3 {[%emt 0:03:32]} 34. Rd2 {[%emt 0:01:26]} Kg6 {[%emt 0:01:42]} 35. Bd4 {[%emt 0:00:06]} Rb3 {[%emt 0:00:11]} 36. Rd1 {[%emt 0:00:45]} Kf5 {[%emt 0:00:22]} 37. Ba1 {[%emt 0:02:54]} Ra3 {[%emt 0:01:34]} 38. Re1 {[%emt 0:00:21]} Nb4 {[%emt 0:00:04]} 39. Bb2 {[%emt 0:00:55]} Ra2 {[%emt 0:00:42]} 40. Bd4 {[%emt 0:00:03]} Nd3 {[%emt 0:06:48]} 41. Rb1 {[%emt 0:06:04]} Ke4 {[%emt 0:02:19]} 42. Bb6 {[%emt 0:00:08]} Rb2 {[%emt 0:02:30]} 43. Rxb2 {[%emt 0:00:18]} Nxb2 {[%emt 0:00:05]} 44. Ba5 {[%emt 0:03:42]} Nd3 {[%emt 0:01:57]} 45. Bc7 {[%emt 0:00:07]} Nxe5 {[%emt 0:02:09]} 46. Kf1 {[%emt 0:00:20]} Nf3 {[%emt 0:00:27]} 47. Ke2 {[%emt 0:01:09]} Nd4+ {[%emt 0:00:22]} 48. Kd2 {[%emt 0:00:19]} Kf3 {[%emt 0:00:54]} 49. Kd3 {[%emt 0:01:47]} Nf5 {[%emt 0:00:15]} 50. Bb6 {[%emt 0:00:41]} e5 {[%emt 0:00:11]} 51. Kc4 {[%emt 0:03:50]} Nd4 {[%emt 0:01:21]} 52. Kd5 {[%emt 0:00:20]} f6 {[%emt 0:00:38]} 53. Bd8 {[%emt 0:00:17]} Kxf2 {[%emt 0:00:22]} 54. Bxf6 {[%emt 0:00:07]} Nf3 {[%emt 0:00:11]} 55. Ke4 {[%emt 0:01:40]} Kxg3 {[%emt 0:00:09]} 56. Be7 {[%emt 0:02:01]} Kg2 {[%emt 0:01:07]} 57. Bc5 {[%emt 0:00:25]} Kf1 {[%emt 0:00:50]} 58. Ba7 {[%emt 0:01:50]} Ke2 {[%emt 0:00:35]} 59. Kf5 {[%emt 0:03:14]} g3 {[%emt 0:00:14]} 60. Ke4 {[%emt 0:00:35]} g2 {[%emt 0:00:06]} 61. Be3 {[%emt 0:00:34]} Nd2+ {[%emt 0:00:24] Kd4} 0-1

[Event "4NCL 2019-20"]
[Site "Daventry"]
[Date "2020.03.01"]
[Round "2"]
[White "Makepeace, Philip J"]
[Black "Ledger, Dave J"]
[Result "0-1"]
[WhiteElo "2076"]
[BlackElo "2135"]
[Annotator "TA"]
[PlyCount "167"]
[EventDate "2020.01.11"]
[EventCountry "ENG"]
[SourceTitle "playchess.com"]
[Source "ChessBase"]
[SourceQuality "1"]

{[%evp 13,167,16,37,37,37,43,50,51,37,46,33,36,43,20,58,56,59,55,56,52,54,52,85,81,73,81,81,66,90,78,82,78,89,94,97,33,28,28,28,28,35,37,45,12,54,18,40,41,56,41,70,37,55,37,55,29,63,45,56,7,14,13,20,20,20,0,0,0,18,0,0,0,13,0,16,19,14,0,0,0,5,5,5,5,5,5,18,6,7,5,5,5,8,0,22,12,13,13,13,0,0,0,62,72,57,77,83,77,103,29,29,29,60,67,68,70,670,725,771,745,695,677,653,608,608,608,608,584,576,81,568,564,510,8,288,0,0,0,0,0,0,0,0,0,0,-1072,-956,-606,-565,-29977,-29978,-29980,-29981,-29981,-29982,-29993]} 1. Nf3 Nf6 2. c4 e6 3. g3 d5 4. Bg2 Be7 5. O-O O-O 6. d4 dxc4 7. Qc2 Bd7 8. Ne5 {E05: Open Catalan: 5 Nf3 Be7.} Bc6 9. Nxc6 Nxc6 10. e3 {White is slightly better.} Na5 11. Bd2 c5 12. Qa4 Nc6 $1 13. dxc5 {[#]} Qc7 $146 ({Predecessor:} 13... Bxc5 14. Qxc4 Bb6 15. Rd1 Rc8 16. Qa4 Qe7 17. Na3 a6 18. Rac1 Nd5 19. Nc2 Rfd8 {1-0 (35) Cvitan,O (2511)-Fercec,N (2476) Bihac 1999}) 14. Qxc4 Ne5 15. Qb5 Qxc5 16. Qxc5 Bxc5 17. Bc3 Nc6 18. Bxf6 gxf6 19. Bxc6 bxc6 20. Rc1 Bd6 21. Rxc6 Be5 22. Nc3 Rab8 23. Rb1 Rfd8 24. Rd1 (24. Na4 $16) 24... Rxd1+ $14 25. Nxd1 Bxb2 26. Nxb2 Rxb2 {[%mdl 4096] Endgame KR-KR} 27. Ra6 Rb7 28. Kg2 Kg7 29. g4 Kg6 30. Ra5 Rc7 31. Kg3 Rb7 32. a4 Rc7 33. Kf3 Rb7 34. h3 Rd7 35. Ke4 Kg7 36. g5 fxg5 37. Rxg5+ Kf6 38. Ra5 Kg6 39. Ke5 Kg5 40. f4+ Kg6 41. Rb5 Rd3 42. Ke4 Rd7 43. Ra5 Kf6 44. h4 Kg6 45. Rg5+ Kf6 46. h5 Rb7 47. Ra5 Rd7 48. Kf3 Rb7 49. e4 Kg7 50. Kg4 Kf6 51. Ra6 h6 52. e5+ Kg7 53. Kf3 Kh7 54. a5 Kg7 55. Ke3 Rd7 56. f5 exf5 57. Kf4 Rb7 (57... Rd4+ $1 $11 58. Kxf5 Rh4) 58. Kxf5 Rc7 59. Ke4 Rd7 60. Rd6 Rb7 61. a6 ({Better is} 61. Rc6 $1 $16) 61... Rb4+ $11 62. Kd5 {And now Rd7 would win.} Rb5+ 63. Kd4 {Strongly threatening Rd7.} Ra5 64. Rc6 Kh7 $2 {[%mdl 8192]} (64... Ra2 $14) 65. Rc7 $18 Rxa6 66. Rxf7+ Kg8 67. Rf1 Rb6 68. Kd5 Rb5+ 69. Kd6 Rb6+ 70. Kc7 Kg7 {[#] If only Black now had time for ...Re6....} 71. Rf2 $2 (71. Kd7 $1 $18 {and the rest is easy.}) 71... Kg8 $2 {[%mdl 8192]} (71... Re6 $16 {is tougher.}) 72. Kd7 Rb7+ 73. Ke6 $2 (73. Kd6 $18) 73... Kg7 $2 {[%mdl 8192]} (73... a5 $1 $11) 74. Rd2 $2 ({White should play} 74. Kd6 $18) 74... a5 $11 {[%cal Ba7a5,Ba5a4,Ba4a3,Ba3a2][%mdl 32]} 75. Rf2 a4 76. Kd6 Ra7 77. Rg2+ Kf8 78. e6 a3 79. Rf2+ $2 {[%mdl 8192]} (79. Ra2 $11) 79... Ke8 $19 {Threatens to win with ...a2.} 80. Ra2 {[#]} Ra5 $1 81. Rg2 {[%cal Rg2g8]} Ra6+ {Black mates.} 82. Ke5 a2 83. Rg8+ Ke7 84. Kd4 {What a bad dream for White. Accuracy: White = 75%, Black = 77%.} 0-1

[Event "4NCL 2019-20"]
[Site "Daventry"]
[Date "2020.03.01"]
[Round "2"]
[White "Jackson, Sheila"]
[Black "York-Weaving, Anna"]
[Result "1-0"]
[WhiteElo "2064"]
[BlackElo "1739"]
[Annotator "ChessBase"]
[PlyCount "118"]
[EventDate "2020.01.11"]
[EventCountry "ENG"]
[SourceTitle "playchess.com"]
[Source "ChessBase"]
[SourceQuality "1"]
[TimeControl "40/6000:3000+30"]

1. e4 {[%emt 0:00:00]} c6 {[%emt 0:01:33]} 2. d4 {[%emt 0:00:00]} d5 {[%emt 0:00:00]} 3. Nc3 {[%emt 0:00:00]} dxe4 {[%emt 0:00:00]} 4. Nxe4 {[%emt 0:00:00]} Bf5 {[%emt 0:00:00]} 5. Ng3 {[%emt 0:00:00]} Bg6 {[%emt 0:00:00]} 6. h4 {[%emt 0:00:00]} h6 {[%emt 0:00:00]} 7. Nf3 {[%emt 0:00:00]} Nd7 {[%emt 0:00:00]} 8. h5 {[%emt 0:00:00]} Bh7 {[%emt 0:00:00]} 9. Bd3 {[%emt 0:00:00]} Bxd3 {[%emt 0:00:00]} 10. Qxd3 {[%emt 0:00:00]} e6 {[%emt 0:00:00]} 11. Bd2 {[%emt 0:00:00]} Qc7 {[%emt 0:00:00]} 12. O-O-O {[%emt 0:00:00]} O-O-O {[%emt 0:00:00]} 13. Kb1 {[%emt 0:01:41]} Ngf6 {[%emt 0:00:00]} 14. Ne4 {[%emt 0:00:00]} Nxe4 {[%emt 0:00:00]} 15. Qxe4 {[%emt 0:00:18]} Nf6 {[%emt 0:00:00]} 16. Qe2 {[%emt 0:06:41]} Kb8 {[%emt 0:00:51]} 17. c4 {[%emt 0:00:00]} c5 {[%emt 0:07:18]} 18. Bc3 {[%emt 0:00:00]} Bd6 {[%emt 0:12:27]} 19. Ne5 {[%emt 0:00:32]} Rc8 {[%emt 0:07:03]} 20. dxc5 {[%emt 0:14:34]} Bxc5 {[%emt 0:03:06]} 21. f3 {[%emt 0:08:10]} Rhd8 {[%emt 0:03:32]} 22. g4 {[%emt 0:00:11]} Ka8 {[%emt 0:01:12]} 23. Rxd8 {[%emt 0:05:19]} Rxd8 {[%emt 0:00:40]} 24. Rd1 {[%emt 0:00:08]} Bd6 {[%emt 0:06:13]} 25. a3 {[%emt 0:10:53]} Ne8 {[%emt 0:03:25]} 26. b4 {[%emt 0:15:42]} Bxe5 {[%emt 0:08:10]} 27. Rxd8+ {[%emt 0:00:00]} Qxd8 {[%emt 0:00:00]} 28. Bxe5 {[%emt 0:00:00]} f6 {[%emt 0:00:00]} 29. Bc3 {[%emt 0:02:10]} e5 {[%emt 0:00:45]} 30. Kc2 {[%emt 0:00:22]} Nc7 {[%emt 0:03:25]} 31. Qd3 {[%emt 0:02:30]} Qe8 {[%emt 0:01:06]} 32. b5 {[%emt 0:12:50]} Ne6 {[%emt 0:03:37]} 33. Qd5 {[%emt 0:01:37]} Nf4 {[%emt 0:00:59]} 34. Qe4 {[%emt 0:01:17]} Qd7 {[%emt 0:02:13]} 35. Bd2 {[%emt 0:02:40]} Ne6 {[%emt 0:01:51]} 36. Be3 {[%emt 0:01:42]} Qe7 {[%emt 0:00:32]} 37. Qd5 {[%emt 0:01:38]} Nc7 {[%emt 0:06:16]} 38. Qg8+ {[%emt 0:04:40]} Ne8 {[%emt 0:00:00]} 39. c5 {[%emt 0:00:00]} Qd7 {[%emt 0:00:22]} 40. a4 {[%emt 0:00:25]} a6 {[%emt 0:01:36]} 41. Qc4 {[%emt 0:52:09]} axb5 {[%emt 0:55:08]} 42. axb5 {[%emt 0:00:24]} Kb8 {[%emt 0:00:31]} 43. c6 {[%emt 0:00:00]} Qc7 {[%emt 0:00:00]} 44. Qc5 {[%emt 0:00:00]} bxc6 {[%emt 0:00:00]} 45. bxc6 {[%emt 0:00:00]} Kc8 {[%emt 0:00:00]} 46. Qd5 {[%emt 0:00:00]} Qd6 {[%emt 0:00:00]} 47. Qxd6 {[%emt 0:00:00]} Nxd6 {[%emt 0:00:00]} 48. Bb6 {[%emt 0:00:00]} f5 {[%emt 0:00:00]} 49. Kd3 {[%emt 0:00:00]} e4+ {[%emt 0:00:00]} 50. fxe4 {[%emt 0:00:00]} fxe4+ {[%emt 0:00:00]} 51. Ke2 {[%emt 0:00:00]} Ne8 {[%emt 0:00:00]} 52. Ke3 {[%emt 0:00:00]} Nf6 {[%emt 0:00:00]} 53. Bd4 {[%emt 0:00:00]} Nxg4+ {[%emt 0:00:00]} 54. Kxe4 {[%emt 0:00:00]} Kc7 {[%emt 0:00:00]} 55. Kf5 {[%emt 0:00:00]} g6+ {[%emt 0:01:00]} 56. hxg6 {[%emt 0:00:00]} h5 {[%emt 0:00:20]} 57. Kg5 {[%emt 0:00:00]} h4 {[%emt 0:03:59]} 58. Kxg4 {[%emt 0:00:00]} Kxc6 {[%emt 0:00:13]} 59. g7 {[%emt 0:00:00]} Kd5 {[%emt 0:00:22]} 1-0